Olympique Marseille players since 2000 - Statistics

General Stats
  • This quiz has been taken 23 times
  • The average score is 112 of 330
Answer Stats
Ranking Player Positions Nationality Matches Goals Assists Periods % Correct
13 Hiroki Sakai DF, MF 145 1 10 2016-2021
95%
237 Ibrahim Ba MF 9 0 1 2001-2002
95%
319 Khalifa Ba DF 1 0 0 2003-2004
95%
1 Steve Mandanda GK 469 0 0 2007-2015, 2017-2022
95%
4 Florian Thauvin MF, FW 227 76 43 2013-2021
90%
18 Leonardo Balerdi DF 127 4 1 2020-2025
90%
11 Mamadou Niang FW 155 72 22 2005-2011
90%
123 Alexis Sánchez MF, FW 35 14 3 2022-2023
85%
2 Dimitri Payet MF, FW 259 61 73 2013-2014, 2016-2023
85%
160 Ismaila Sarr MF, FW 23 3 4 2023-2024
85%
39 Lucho González MF 87 15 17 2009-2012
85%
130 Pierre-Emerick Aubameyang MF, FW 34 17 8 2023-2024
85%
6 Taye Taiwo DF 191 17 14 2004-2011
85%
8 André Ayew MF, FW 160 43 11 2007-2008, 2010-2015
80%
10 André-Pierre Gignac MF, FW 155 59 9 2010-2015
80%
14 Bouna Sarr DF, MF, FW 138 4 9 2015-2021
80%
126 Gerónimo Rulli GK 34 0 0 2024-2025
80%
27 Jordan Ayew MF, FW 111 14 6 2009-2014
80%
60 Kevin Strootman MF 64 3 8 2018-2021
80%
3 Mathieu Valbuena MF, FW 242 27 40 2006-2014
80%
26 Maxime Lopez MF, FW 113 4 14 2016-2021
80%
34 Pau López GK 95 0 3 2021-2024
80%
114 Arkadiusz Milik FW 40 16 3 2020-2023
75%
124 Didier Drogba FW 35 19 7 2003-2004
75%
29 Duje Ćaleta-Car DF 103 5 2 2018-2023
75%
90 Geoffrey Kondogbia DF, MF 51 0 0 2023-2025
75%
182 George Weah FW 19 5 4 2000-2001
75%
62 Hatem Ben Arfa MF, FW 63 9 8 2008-2011
75%
93 Adil Rami DF 49 2 3 2017-2019
70%
146 Adrien Rabiot MF 29 9 4 2024-2025
70%
125 Alou Diarra MF 34 2 1 2011-2012
70%
75 Álvaro González DF 58 2 3 2019-2022
70%
54 Cengiz Ünder DF, MF, FW 69 15 6 2021-2023
70%
71 Franck Ribéry MF, FW 60 11 13 2005-2007
70%
116 Lassana Diarra MF 37 1 1 2015-2017
70%
129 Mason Greenwood MF, FW 34 21 5 2024-2025
70%
63 Michy Batshuayi FW 62 26 9 2014-2016
70%
24 Souleymane Diawara DF 118 7 1 2009-2014
70%
42 Brandão FW 82 17 10 2008-2012
65%
76 Djibril Cissé FW 58 24 7 2006-2009
65%
83 Édouard Cissé MF 55 1 0 2009-2011
65%
22 Jérémy Morel DF 120 2 2 2011-2015
65%
134 Kostas Mitroglou FW 33 12 0 2017-2019
65%
19 Lorik Cana DF, MF 124 6 4 2005-2009
65%
21 Samir Nasri MF, FW 121 11 20 2004-2008
65%
12 Valentin Rongier DF, MF 152 5 8 2019-2025
65%
64 Yohann Pelé GK 62 0 0 2015-2021
65%
82 Bakari Koné FW 55 13 7 2008-2010
60%
43 Benjamin Mendy DF 81 2 9 2013-2016
60%
5 Benoît Cheyrou MF 219 21 26 2007-2014
60%
16 Boubacar Kamara DF, MF 130 3 5 2017-2022
60%
181 Bruno Cheyrou MF 19 1 2 2004-2005
60%
97 César Azpilicueta DF, MF 47 1 2 2010-2013
60%
65 Chancel Mbemba DF 61 7 2 2022-2024
60%
15 Charles Kaboré DF, MF 136 2 7 2007-2013
60%
227 Djimi Traoré DF 11 0 0 2011-2012
60%
77 Gabriel Heinze DF 58 7 1 2009-2011
60%
167 Issa Kaboré DF, MF, FW 22 1 0 2022-2023
60%
156 Joey Barton MF 25 0 3 2012-2013
60%
56 Jordan Veretout MF 67 5 5 2022-2024
60%
20 Morgan Sanson MF 122 22 15 2016-2021
60%
7 Nicolas Nkoulou DF 162 5 0 2011-2016
60%
145 Pierre Højbjerg MF 30 2 4 2024-2025
60%
55 Stéphane Mbia DF, MF 69 5 1 2009-2013
60%
139 Bafétimbi Gomis FW 31 20 4 2016-2017
55%
247 Ismaël Koné MF, FW 8 0 0 2024-2025
55%
57 Luiz Gustavo DF, MF 67 7 1 2017-2020
55%
113 Mario Lemina DF, MF 41 2 0 2013-2016
55%
199 Patrice Evra DF 15 1 0 2016-2018
55%
37 Rolando DF 90 6 0 2015-2019
55%
100 Sead Kolašinac DF, MF 47 4 2 2021-2023
55%
158 Yuto Nagatomo DF 25 0 1 2020-2021
55%
49 Amine Harit MF, FW 74 7 10 2021-2025
50%
195 André Luís Garcia DF 15 0 0 2005-2006
50%
47 Fabien Barthez GK 75 0 0 2003-2006
50%
50 Loïc Rémy FW 74 28 8 2010-2013
50%
33 Lucas Ocampos MF, FW 96 16 13 2014-2015, 2017-2019
50%
101 Michael Amir Murillo DF 46 4 5 2023-2025
50%
72 Morgan Amalfitano MF 60 2 7 2011-2014
50%
52 Pol Lirola DF, MF, FW 72 4 6 2020-2021, 2024-2025
50%
268 Souleymane Touré DF 5 0 0 2022-2023
50%
136 Ulisses Garcia DF, MF 33 2 2 2023-2025
50%
23 Valère Germain MF, FW 120 22 11 2017-2021
50%
44 Andre-Frank Zambo Anguissa MF 79 0 1 2015-2018
45%
84 Boudewijn Zenden DF, FW 54 6 4 2007-2009
45%
61 Brice Dja Djédjé DF, MF 63 0 6 2013-2016
45%
73 Cédric Carrasso GK 59 0 0 2002-2003, 2005-2008
45%
66 Clinton N'Jie MF, FW 61 14 6 2016-2019
45%
46 Daniel Van Buyten DF 76 12 1 2001-2004
45%
69 Darío Benedetto MF, FW 60 16 3 2019-2022
45%
17 Habib Beye DF 128 2 1 2003-2008
45%
144 Iliman Ndiaye MF, FW 30 3 3 2023-2024
45%
153 Jon Rowe MF, FW 28 3 3 2024-2025
45%
241 Leyti N'Diaye DF 9 0 0 2004-2005, 2007-2008, 2010-2011
45%
321 Mame N'Diaye DF, FW 1 0 0 2005-2006
45%
51 Mattéo Guendouzi MF 73 6 10 2021-2024
45%
38 Pape Gueye DF, MF 89 4 2 2020-2024
45%
9 Rod Fanni DF 158 6 9 2010-2014, 2016-2017
45%
107 Sylvain N'Diaye DF, MF 43 1 3 2003-2005
45%
138 Vitinha MF, FW 32 5 2 2022-2024
45%
108 Zoumana Camara DF 43 1 0 2000-2002
45%
28 Alaixys Romao DF, MF 106 4 3 2012-2016
40%
172 Derek Cornelius DF 21 0 0 2024-2025
40%
155 Dória DF 26 1 0 2016-2018
40%
152 Georges-Kévin N'Koudou MF, FW 28 5 3 2015-2016
40%
104 Gerson MF, FW 45 11 4 2021-2023
40%
68 Jonathan Clauss DF, MF 61 5 13 2022-2024
40%
30 Manuel dos Santos DF 98 1 7 2000-2004
40%
198 Mario Balotelli FW 15 8 0 2018-2019
40%
169 Mido FW 22 7 6 2003-2004
40%
170 Neal Maupay MF, FW 22 4 4 2024-2025
40%
303 Robinio Vaz FW 2 0 0 2024-2025
40%
224 Steven Fletcher FW 12 2 2 2015-2016
40%
41 Vedran Runje GK 85 0 0 2001-2004
40%
25 Abdoulaye Méïté DF 116 1 1 2000-2006
35%
180 Bamo Meïté DF 19 0 0 2023-2025
35%
143 Benoît Pedretti MF 30 3 2 2004-2005
35%
176 Bilal Nadir MF, FW 20 1 0 2023-2025
35%
310 Brice Samba GK 1 0 0 2013-2014
35%
74 Fabio Celestini MF 59 1 5 2002-2004
35%
273 Fabrice Fernandes MF 4 0 0 2001-2002
35%
58 Giannelli Imbula MF 66 4 2 2013-2015
35%
318 Guillaume Deschamps FW 1 0 0 2001-2002
35%
110 Julien Rodriguez DF 42 3 2 2006-2009
35%
31 Laurent Bonnart DF 97 1 2 2007-2010
35%
298 Laurent Merlin MF, FW 2 0 0 2002-2004
35%
168 Lucas Silva MF 22 0 0 2015-2016
35%
40 Luis Henrique DF, MF, FW 87 8 13 2020-2021, 2023-2025
35%
206 Mathieu Flamini MF 14 0 0 2003-2004
35%
117 Péguy Luyindula MF, FW 37 10 1 2004-2006
35%
119 Quentin Merlin DF, MF 37 1 4 2023-2025
35%
86 Romain Alessandrini MF, FW 54 8 8 2014-2017
35%
250 Rubén Blanco GK 8 0 0 2022-2024
35%
194 Tomáš Hubočan DF 16 0 0 2016-2019
35%
149 William Gallas DF 29 2 2 2000-2001
35%
122 William Saliba DF 36 0 0 2021-2022
35%
131 Abdelaziz Barrada MF 33 2 6 2014-2016
30%
260 Abou Diaby MF 5 0 0 2015-2017
30%
225 Alfonso Pérez FW 11 4 0 2001-2002
30%
202 Amine Gouiri MF, FW 14 10 3 2024-2025
30%
151 Azzedine Ounahi MF, FW 28 3 0 2022-2024
30%
204 Bixente Lizarazu DF 14 0 1 2004-2005
30%
196 Cédric Bakambu FW 15 4 1 2021-2023
30%
173 Fabrice Fiorèse MF, FW 21 3 0 2004-2005
30%
218 Fernando Morientes FW 12 1 0 2009-2010
30%
89 Frank Leboeuf DF 51 5 2 2001-2003
30%
78 Frédéric Déhu DF, MF 57 1 3 2004-2006
30%
184 Henri Bedimo DF 19 0 0 2016-2018
30%
219 Ismaël Bennacer MF 12 0 2 2024-2025
30%
287 Jérôme Pérez DF, MF 3 0 0 2000-2001, 2002-2003
30%
32 Jordan Amavi DF 96 2 8 2017-2022
30%
127 Karim Rekik DF 34 1 1 2015-2017
30%
94 Karim Ziani MF 49 3 3 2007-2009
30%
162 Kassim Abdallah DF 23 0 1 2012-2014
30%
297 Keyliane Abdallah FW 2 0 0 2023-2025
30%
193 Konrad De La Fuente MF, FW 16 0 2 2021-2022
30%
163 Mauricio Isla DF, MF 23 2 1 2015-2016
30%
45 Modeste M'bami MF 77 1 2 2006-2009
30%
91 Nemanja Radonjić MF, FW 51 7 2 2018-2022
30%
59 Rémy Cabella MF, FW 66 8 7 2015-2018
30%
154 Saber Khalifa FW 28 1 1 2013-2014
30%
135 Saîf-Eddine Khaoui DF, MF, FW 33 2 1 2016-2017, 2019-2021
30%
99 Samuel Gigot DF 47 5 2 2022-2024
30%
106 Sébastien Pérez DF, MF 45 1 3 2000-2001, 2002-2004
30%
215 Sylvain Wiltord MF, FW 13 1 0 2008-2009
30%
80 Vitorino Hilton DF 56 2 1 2008-2011
30%
244 Aymen Abdennour DF 8 0 0 2017-2018
25%
35 Brahim Hemdani DF, MF 92 2 1 2000-2005
25%
292 Darryl Bakola DF, MF 2 0 0 2024-2025
25%
133 Dmitri Sychev MF, FW 33 5 1 2002-2004
25%
147 Eduardo Costa MF 29 1 0 2004-2005
25%
205 Faris Pemi Moumbagna FW 14 3 1 2023-2025
25%
148 Gaël Givet DF 29 0 0 2007-2008
25%
36 Ibrahima Bakayoko FW 92 20 6 2000-2004
25%
141 Javier Manquillo DF 31 0 1 2015-2016
25%
121 Jérôme Leroy MF 36 5 2 2000-2002
25%
220 Joaquín Correa MF, FW 12 0 0 2023-2024
25%
240 Kōji Nakata DF, MF 9 0 1 2004-2006
25%
111 Lamine Sakho MF, FW 42 10 3 2001-2004
25%
221 Lilian Brassier DF 12 0 0 2024-2025
25%
96 Lucas Mendes DF 48 2 1 2012-2015
25%
98 Mickaël Pagis FW 47 14 3 2005-2007
25%
322 Mustapha Papa Diop MF 1 0 0 2005-2006
25%
276 Olivier Ntcham MF 4 0 0 2020-2021
25%
253 Paolo De Ceglie DF 7 0 0 2015-2016
25%
214 Philippe Christanval DF 13 0 0 2003-2004
25%
208 Renan Lodi DF, FW 14 0 0 2023-2024
25%
179 Ruslan Malinovskyi MF, FW 20 1 1 2022-2023
25%
175 Štěpán Vachoušek MF 21 0 2 2003-2004
25%
231 Stéphane Sparagna DF 11 0 0 2014-2016
25%
87 Steve Marlet MF, FW 54 16 4 2003-2005
25%
92 Toifilou Maoulida FW 50 10 1 2005-2007
25%
150 William Vainqueur MF 29 0 1 2016-2017
25%
243 Aaron Leya Iseka FW 8 0 1 2016-2017
20%
216 Alberto Rivera MF 12 2 1 2001-2002
20%
233 Amar Dedić DF 10 0 1 2024-2025
20%
203 Baptiste Aloé DF 14 1 0 2014-2015
20%
309 Benjamin Gavanon MF 1 0 0 2000-2001
20%
140 Camel Meriem MF 31 3 0 2003-2004
20%
109 Cyril Chapuis FW 42 4 2 2001-2003
20%
132 Delfim MF 33 0 1 2001-2002, 2005-2006
20%
88 Djamel Belmadi MF 53 8 4 2000-2003
20%
272 Dramane Coulibaly FW 4 0 0 2000-2001
20%
283 Elinton Andrade GK 3 0 0 2009-2010
20%
210 Elye Wahi FW 13 3 1 2024-2025
20%
67 Fernandão FW 61 6 5 2001-2004
20%
211 Florian Maurice FW 13 1 2 2000-2001
20%
197 Foued Kadir MF 15 0 0 2012-2014
20%
239 Jérémy Gavanon GK 9 0 0 2003-2005
20%
161 Joseph Yobo DF 23 0 0 2001-2002
20%
112 Koke FW 41 6 3 2003-2006
20%
164 Mickaël Cuisance MF, FW 23 2 1 2020-2021
20%
207 Modou Sougou MF, FW 14 0 1 2012-2013
20%
142 Nuno Tavares DF, MF 31 6 0 2022-2023
20%
222 Patrick Blondeau DF 12 0 0 2000-2001
20%
200 Rafidine Abdullah MF 15 0 0 2012-2013
20%
53 Ronald Zubar DF 72 2 1 2006-2009
20%
278 Tyrone Mears DF 4 0 0 2008-2009
20%
279 Valentin Carboni DF, MF, FW 4 0 0 2024-2025
20%
232 Wilfried Dalmat MF, FW 11 1 0 2001-2002
20%
81 Wilson Oruma MF 56 3 3 2005-2008
20%
270 Ahmed Yahiaoui MF 4 0 0 2004-2005
15%
254 Alen Škoro FW 6 0 0 2000-2001
15%
115 Bamba Dieng MF, FW 40 8 1 2020-2023
15%
280 Bilal Boutobba MF, FW 3 0 0 2014-2015
15%
290 Bill Tuiloma DF, MF 2 0 0 2014-2015
15%
159 Boštjan Cesar DF 24 0 0 2005-2007
15%
171 Christian Giménez FW 21 1 0 2005-2006
15%
291 Cyril Rool DF, MF 2 0 0 2009-2010
15%
234 Damien Gregorini GK 10 0 0 2000-2002
15%
209 David Sommeil DF 13 0 0 2003-2004
15%
70 Demetrius Ferreira DF 60 2 0 2003-2006
15%
262 Dill FW 5 0 0 2001-2002
15%
284 Emran Soglo DF, MF 3 1 1 2023-2024
15%
293 Enzo Sternal MF, FW 2 0 0 2024-2025
15%
189 Eric Bailly DF 17 0 0 2022-2023
15%
85 Fabrice Abriel MF 54 1 3 2009-2011
15%
315 Fabrice Apruzesse FW 1 0 0 2012-2013
15%
251 Florian Raspentino MF, FW 7 0 0 2012-2013
15%
257 François Mughe DF, MF 6 0 0 2022-2024
15%
174 Frédéric Brando MF 21 0 0 2000-2001
15%
183 Grégory Sertic MF 19 0 0 2016-2019
15%
105 Habib Bamogo FW 45 8 2 2004-2005, 2006-2007
15%
295 Isaac Lihadji MF, FW 2 0 0 2019-2020
15%
187 Jacques Abardonado DF 18 1 0 2000-2001
15%
238 Jacques Faty DF 9 0 0 2007-2008
15%
212 Jean Onana DF, MF 13 1 0 2023-2024
15%
263 Jean-Philippe Sabo DF 5 0 0 2007-2008, 2011-2012
15%
264 Jérôme Bonnissel DF, FW 5 0 0 2005-2006
15%
79 Johnny Ecker DF 57 0 1 2002-2005
15%
259 Juan Krupoviesa DF 6 0 0 2007-2008
15%
320 Laurent Abergel MF 1 0 0 2013-2014
15%
249 Lucas Bernardi MF 8 0 0 2000-2001
15%
252 Luis Javier Suárez MF, FW 7 3 1 2022-2023
15%
274 Luiz Felipe DF 4 0 0 2024-2025
15%
177 Mamadou Samassa FW 20 3 2 2008-2009, 2010-2011
15%
188 Marley Aké MF, FW 18 0 0 2019-2021
15%
102 Pascal Johansen MF 46 2 3 2002-2004
15%
229 Pascal Nouma MF, FW 11 1 1 2001-2002
15%
242 Pierre Issa DF 9 0 0 2000-2001
15%
118 Piotr Świerczewski MF 37 1 1 2001-2003
15%
103 Renato Civelli DF 46 6 0 2005-2006, 2008-2009
15%
326 Rudy Riou GK 1 0 0 2008-2009
15%
120 Sabri Lamouchi MF 37 5 1 2005-2007
15%
48 Salomon Olembé MF 75 1 4 2001-2007
15%
305 Sofiane Sidi Ali MF 2 0 0 2023-2024
15%
157 Stéphane Trévisan GK 25 0 0 2000-2001
15%
235 Zinédine Machach MF, FW 10 0 0 2016-2017
15%
201 Adriano Gabiru MF 14 3 1 2000-2001
10%
236 Alain Cantareil DF 9 0 1 2005-2007
10%
307 Alexis Pradie DF 1 0 0 2005-2006
10%
271 Amin Erbati DF, MF 4 0 0 2008-2009
10%
165 André Luiz Moreira DF, MF 22 2 5 2001-2002
10%
226 Andrés Mendoza FW 11 0 0 2005-2006
10%
308 Anthony Flachi MF 1 0 0 2005-2006
10%
261 Antoine Rabillard FW 5 1 0 2015-2017
10%
255 Billel Omrani FW 6 1 0 2011-2012, 2014-2015
10%
137 Bruno N'Gotty DF 32 0 0 2000-2002
10%
245 Cédric Mouret MF, FW 8 0 0 2000-2001
10%
311 Cheick Souaré MF 1 0 0 2020-2021
10%
281 Chris Gadi MF 3 0 0 2011-2012
10%
282 Christopher Rocchia DF, FW 3 0 0 2018-2019, 2020-2021
10%
217 Cyrille Pouget FW 12 0 0 2000-2001
10%
312 Daniel Montenegro MF, FW 1 0 0 2000-2001
10%
256 Dimas DF 6 0 0 2001-2002
10%
313 Djim Ngom FW 1 0 0 2005-2006
10%
166 Eduardo Tuzzio DF 22 0 0 2001-2003
10%
191 Elliot Grandin MF, FW 16 2 1 2007-2009
10%
314 Emmanuel Koum Mbondo DF 1 0 0 2024-2025
10%
294 Fabien Camus MF 2 0 0 2003-2004
10%
192 Fabien Laurenti DF 16 0 0 2001-2004
10%
316 Florian Chabrolle MF 1 0 0 2019-2020
10%
190 Franck Jurietti DF 17 0 0 2001-2002
10%
317 Gaël Andonian DF 1 0 0 2014-2015
10%
246 Garry Bocaly DF 8 0 0 2005-2006, 2009-2010
10%
285 Guy Gnabouyou FW 3 0 0 2007-2008, 2010-2011
10%
286 Jean-Christophe Marquet DF, MF 3 0 0 2000-2001
10%
296 Jérémie Porsan-Clémenté DF, FW 2 0 0 2014-2016
10%
258 Jovan Stanković MF 6 0 0 2000-2001
10%
265 Jurgen Cavens FW 5 1 0 2001-2002
10%
185 Kanga Akalé MF, FW 19 1 1 2007-2008
10%
248 Karim Dahou MF 8 0 0 2000-2002
10%
213 Klas Ingesson MF 13 0 0 2000-2001
10%
95 Laurent Batlles MF 48 11 3 2003-2006
10%
128 Luan Peres Petroni DF 34 0 2 2021-2022
10%
228 Lucas Perrin DF 11 1 0 2019-2021
10%
186 Marcelinho Paraíba MF, FW 19 3 0 2000-2001
10%
275 Matt Moussilou FW 4 0 0 2007-2008
10%
266 Michel Gafour MF 5 0 0 2002-2003
10%
288 Mickaël Marsiglia MF 3 0 0 2000-2001, 2002-2003
10%
299 Mohamed Dennoun MF 2 0 0 2005-2006, 2008-2009
10%
300 Momar Bangoura MF 2 0 0 2011-2012
10%
323 Noam Mayoka-Tika MF 1 0 0 2023-2024
10%
301 Oussama Targhalline MF 2 0 0 2021-2022
10%
324 Pablo Calandria FW 1 0 0 2000-2001
10%
277 Pape M'Bow DF, MF 4 0 0 2007-2008, 2009-2010
10%
302 Papis M’Bodji FW 2 0 0 2002-2003
10%
230 Philippe Brunel MF 11 0 0 2001-2002
10%
267 Rahmane Barry MF, FW 5 0 0 2003-2006
10%
325 Raimane Daou DF, MF 1 0 0 2023-2024
10%
178 Rudi Skácel MF 20 1 0 2003-2004
10%
223 Salim Arrache MF 12 0 0 2006-2008
10%
304 Salim Ben Seghir DF, MF 2 0 0 2021-2023
10%
306 Stefano Torrisi DF 2 0 0 2001-2002
10%
327 Therry Racon MF 1 0 0 2003-2004
10%
269 Thomas Deruda MF 5 0 0 2005-2007
10%
328 Vincent Gastine MF 1 0 0 2005-2006
10%
289 Vincent Gragnic MF 3 0 0 2007-2008
10%
329 Wesley Jobello MF, FW 1 0 0 2011-2012
10%
330 Yusuf Sari FW 1 0 0 2017-2018
10%
No matching quizzes found
Score Distribution
Percent of People with Each Score
Percentile by Number Answered
Your Score History
You have not taken this quiz